000 00485cam a2200181ua 4500
001 1764
008 110824n ii |||gr||||Z||||||eng
040 _cMAIN
082 _a513.22
100 _aCastle, F.,
_eAuthor.
245 1 _aFive figure logarithmic and others tables
_cby F. castle
250 _a1st.
260 _aDelhi:
_bMacmillan india ltd.,
_c2006.
300 _a64p:
_bill;
_c25cm.
653 _aEconomics
653 _afive figure logarithmic and others tables
942 _cBK
999 _c1648
_d1648